A hunter's sketches. / (Record no. 3530)
[ view plain ]
| 000 -LEADER | |
|---|---|
| fixed length control field | 00737cam a22002291 4500 |
| 001 - CONTROL NUMBER | |
| control field | 0000003667 |
| 005 - DATE AND TIME OF LATEST TRANSACTION | |
| control field | 20170406115217.0 |
| 008 - FIXED-LENGTH DATA ELEMENTS--GENERAL INFORMATION | |
| fixed length control field | 720516nuuuuuuuuru c 000 0 eng |
| 010 ## - LIBRARY OF CONGRESS CONTROL NUMBER | |
| LC control number | 61065225 |
| 035 ## - SYSTEM CONTROL NUMBER | |
| -- | (DLC) 61065225 |
| 035 ## - SYSTEM CONTROL NUMBER | |
| System control number | (OCoLC)310092 |
| 040 ## - CATALOGING SOURCE | |
| Original cataloging agency | DLC |
| Transcribing agency | ONcM |
| Modifying agency | OCoLC |
| -- | ODaWU |
| -- | DLC |
| 042 ## - AUTHENTICATION CODE | |
| Authentication code | emarc=LC PreMARC Retrospective Conversion Project |
| 050 00 - LIBRARY OF CONGRESS CALL NUMBER | |
| Classification number | PZ3.T844 |
| Item number | Hu |
| 100 1# - MAIN ENTRY--PERSONAL NAME | |
| Personal name | Turgenev, Ivan Sergeevich, |
| Dates associated with a name | 1818-1883. |
| 245 12 - TITLE STATEMENT | |
| Title | A hunter's sketches. / |
| Statement of responsibility, etc. | [Edited by O. Gorchakov] |
| 260 ## - PUBLICATION, DISTRIBUTION, ETC. | |
| Place of publication, distribution, etc. | Moscow : |
| Name of publisher, distributor, etc. | Foreign Languages Pub. House, |
| Date of publication, distribution, etc. | [n.d.] |
| 300 ## - PHYSICAL DESCRIPTION | |
| Extent | 454 p. : |
| Other physical details | port. ; |
| Dimensions | 21 cm. |
| 440 #0 - SERIES STATEMENT/ADDED ENTRY--TITLE | |
| Title | Classics of Russian literature |
| 500 ## - GENERAL NOTE | |
| General note | Added t.p. in Russian. |
| 908 ## - PUT COMMAND PARAMETER (RLIN) | |
| Put command parameter | 140707 |
| Withdrawn status | Lost status | Source of classification or shelving scheme | Damaged status | Not for loan | Home library | Current library | Shelving location | Date acquired | Total Checkouts | Full call number | Barcode | Date last seen | Copy number | Price effective from | Koha item type |
|---|---|---|---|---|---|---|---|---|---|---|---|---|---|---|---|
| CUZ Harare Campus | CUZ Harare Campus | Open Shelf | 06.04.2017 | PQ 3421. Z3 | BK0004321 | 22.05.2025 | CU11241 | 06.04.2017 | OS Book |